Economic development of UK,USA and USSR / (Record no. 2083)
[ view plain ]
| 000 -LEADER | |
|---|---|
| fixed length control field | 00474cam a2200193ua 4500 |
| 041 ## - LANGUAGE CODE | |
| Language code of text/sound track or separate title | eng |
| 082 ## - DEWEY DECIMAL CLASSIFICATION NUMBER | |
| Classification number | 338.90941 |
| Item number | OOM/EC |
| 100 ## - MAIN ENTRY--AUTHOR NAME | |
| Personal name | Oommen, M A . |
| 245 ## - TITLE STATEMENT | |
| Title | Economic development of UK,USA and USSR / |
| 250 ## - EDITION STATEMENT | |
| Edition statement | 1 / |
| 260 ## - PUBLICATION, DISTRIBUTION, ETC. (IMPRINT) | |
| Place of publication | Madras : |
| Name of publisher | S Viswanathan , |
| Year of publication | 1959. |
| 300 ## - PHYSICAL DESCRIPTION | |
| Number of Pages | 136 ; . |
| 700 1# - ADDED ENTRY--PERSONAL NAME | |
| Personal name | Brightsingh, D . |
| 942 ## - ADDED ENTRY ELEMENTS (KOHA) | |
| Koha item type | Books |
| Withdrawn status | Lost status | Damaged status | Home library | Current library | Date acquired | Cost, normal purchase price | Full call number | Accession Number | Koha item type | Public note |
|---|---|---|---|---|---|---|---|---|---|---|
| Withdrawn | KAUAET | Sanskrit University | 07/04/2012 | 5.00 | 338.90941 | 7418 | Books | Transferred to Sanskrit University |
